| 000 | 00757nam a2200169 a 4500 | ||
|---|---|---|---|
| 008 | 120416s1990 ||||||||||||||||| || u | ||
| 020 | _a1557751471 | ||
| 050 | _aHC 441 Str | ||
| 245 | 0 | 0 | _aStrategies for structural adjustment : the experience of Southeast Asia |
| 260 |
_aWashington: _bIMF _c1990 |
||
| 300 | _aix, 202p. : ill. | ||
| 350 | _a0.00 | ||
| 650 | 0 | _aECONOMICS | |
| 650 | _aSTRUCTURAL ADJUSTMENT PROGRAMME--SOUTHEAST ASIA | ||
| 995 |
_aANNEX COLLECTION (Main Library) _D0.00 _e721319 _FCBU-MAIN LIBRARY (Kitwe) _H2 _I16.50 _jHC 441 Str _M1 _UAVAILABLE _y002337 _ZAnnex Low-Usage Collection |
||
| 995 |
_aMAIN LIBRARY OPEN ACCESS _D0.00 _e721320 _FCBU-MAIN LIBRARY (Kitwe) _H1 _I16.50 _jHC 441 Str _M2 _UAVAILABLE _y002336 _ZMain Library Open Access Collection |
||
| 999 |
_c76870 _d76870 |
||